Kite flying simulation (Record no. 12814)
[ view plain ]
| 000 -LEADER | |
|---|---|
| fixed length control field | 00303nam a22001097a 4500 |
| 082 ## - DEWEY DECIMAL CLASSIFICATION NUMBER | |
| Classification number | BIT-10 AHM |
| 245 ## - TITLE STATEMENT | |
| Title | Kite flying simulation |
| 260 ## - PUBLICATION, DISTRIBUTION, ETC. | |
| Place of publication, distribution, etc. | islamabad |
| Name of publisher, distributor, etc. | NUST SEECS |
| Date of publication, distribution, etc. | 2013 |
| 500 ## - GENERAL NOTE | |
| General note | supervisior:Dr Hamid mukhtar |
| 856 ## - ELECTRONIC LOCATION AND ACCESS | |
| Uniform Resource Identifier | <a href="http://10.250.8.41:8080/xmlui/handle/123456789/10613">http://10.250.8.41:8080/xmlui/handle/123456789/10613</a> |
| 942 ## - ADDED ENTRY ELEMENTS (KOHA) | |
| Koha item type | Project Report |
| Source of classification or shelving scheme | |
| Withdrawn status | Lost status | Source of classification or shelving scheme | Damaged status | Not for loan | Permanent Location | Current Location | Shelving location | Date acquired | Total Checkouts | Full call number | Barcode | Date last seen | Date last checked out | Price effective from | Koha item type |
|---|---|---|---|---|---|---|---|---|---|---|---|---|---|---|---|
| WITHDRAWN | Central Library (CL) | Central Library (CL) | General Stacks | 03/12/2014 | 1 | BIT-10 AHM | SEECSP01412 | 01/20/2015 | 12/14/2014 | 03/12/2014 | Project Report |
